Clone Drone in the Danger Zone: Tiers - Statistics

General Stats
  • This quiz has been taken 8 times
  • The average score is 6 of 7
Answer Stats
Answer % Correct
Bronze
100%
Gold
100%
Silver
100%
Diamond
88%
Insanium
75%
Uranium
75%
Titanium
63%
No matching quizzes found
Score Distribution
Percent of People with Each Score
Percentile by Number Answered
Your Score History
You have not taken this quiz